[Event "ROM-ch"]
[Site "Targu Mures"]
[Date "2014.05.03"]
[Round "10"]
[White "Marcu, Iulian"]
[Black "David, Bogdan Emanuel"]
[Result "1-0"]
[WhiteElo "2002"]
[BlackElo "1761"]
[PlyCount "85"]
[EventDate "2014.04.26"]
[EventType "swiss"]
[EventRounds "11"]
[EventCountry "ROU"]
[SourceTitle "CBM 160 Extra"]
[Source "ChessBase"]
[SourceDate "2014.07.01"]
[SourceVersion "1"]
[SourceVersionDate "2014.07.01"]
[SourceQuality "1"]

1. d4 Nf6 2. c4 g6 3. f3 Bg7 4. e4 d6 5. Nc3 0-0 6. Bg5 h6 7. Be3 c5 8. d5 e6 9. Qd2 exd5 10. cxd5 Kh7 11. Bd3 Re8 12. Nge2 Nbd7 13. 0-0 Ne5 14. h3 a6 15. a4 Qe7 16. Rfb1 Bxh3 17. Nf4 Bd7 18. a5 Reb8 19. Na4 Bxa4 20. Rxa4 Nxd3 21. Qxd3 b5 22. axb6 Rxb6 23. Qc4 Qb7 24. b4 Nd7 25. Nd3 Ne5 26. Nxe5 Bxe5 27. f4 Bg7 28. e5 Rxb4 29. Raxb4 cxb4 30. Rxb4 Qe7 31. Qc6 Rd8 32. Rb7 Qe8 33. Bb6 Rc8 34. Qxe8 Rxe8 35. exd6 Re1+ 36. Kh2 Rb1 37. d7 Bf6 38. Rb8 Rb3 39. Bd4 Rxb8 40. Bxf6 a5 41. d8Q Rxd8 42. Bxd8 a4 43. Bf6 1-0

[Event "ROM-ch"]
[Site "Targu Mures"]
[Date "2014.05.01"]
[Round "8"]
[White "Marcu, Iulian"]
[Black "Comsa, Razvan Lucian"]
[Result "1-0"]
[WhiteElo "2002"]
[BlackElo "1708"]
[PlyCount "65"]
[EventDate "2014.04.26"]
[EventType "swiss"]
[EventRounds "11"]
[EventCountry "ROU"]
[SourceTitle "CBM 160 Extra"]
[Source "ChessBase"]
[SourceDate "2014.07.01"]
[SourceVersion "1"]
[SourceVersionDate "2014.07.01"]
[SourceQuality "1"]

1. e4 e6 2. d3 d5 3. Nd2 g6 4. Ngf3 Bg7 5. g3 Nf6 6. Bg2 0-0 7. 0-0 c5 8. Nh4 Nc6 9. f4 b5 10. Re1 Re8 11. e5 Nd7 12. c4 Nb6 13. cxb5 Nd4 14. a4 a6 15. bxa6 Bxa6 16. Nb3 Nxb3 17. Qxb3 c4 18. dxc4 Bxc4 19. Qd1 f6 20. b3 Ba6 21. Bb2 Nd7 22. exf6 Nxf6 23. Bd4 Qa5 24. Rc1 Bb7 25. Bf3 Rad8 26. Re3 Ne4 27. Bxg7 Kxg7 28. Qd4+ Kg8 29. Bd1 Rc8 30. b4 Qd8 31. Rxc8 Qxc8 32. b5 Qc1 33. a5 1-0

[Event "ROM-ch"]
[Site "Targu Mures"]
[Date "2014.05.01"]
[Round "7"]
[White "Toma, Mihail"]
[Black "Marcu, Iulian"]
[Result "1/2-1/2"]
[WhiteElo "1897"]
[BlackElo "2002"]
[PlyCount "59"]
[EventDate "2014.04.26"]
[EventType "swiss"]
[EventRounds "11"]
[EventCountry "ROU"]
[SourceTitle "CBM 160 Extra"]
[Source "ChessBase"]
[SourceDate "2014.07.01"]
[SourceVersion "1"]
[SourceVersionDate "2014.07.01"]
[SourceQuality "1"]

1. d4 Nf6 2. Nf3 g6 3. Bg5 Bg7 4. Nbd2 d6 5. e3 0-0 6. Bd3 b6 7. c3 Ba6 8. Bxa6 Nxa6 9. Qa4 Nb8 10. 0-0 c5 11. Rfe1 Nbd7 12. Rad1 h6 13. Bh4 g5 14. Bg3 Nh5 15. Nf1 f5 16. h3 Ndf6 17. Bh2 Ne4 18. N3d2 Nxd2 19. Nxd2 Qe8 20. Qxe8 Raxe8 21. Nf3 Nf6 22. Nd2 Nh5 23. Nf3 Rf7 24. Re2 Kh7 25. Rb1 g4 26. hxg4 fxg4 27. Nd2 Rc8 28. Ne4 Rff8 29. Ng3 Nxg3 30. Bxg3 1/2-1/2

[Event "ROM-ch"]
[Site "Targu Mures"]
[Date "2014.04.27"]
[Round "3"]
[White "Pop, Alexandru"]
[Black "Marcu, Iulian"]
[Result "1-0"]
[WhiteElo "2286"]
[BlackElo "2002"]
[PlyCount "139"]
[EventDate "2014.04.26"]
[EventType "swiss"]
[EventRounds "11"]
[EventCountry "ROU"]
[SourceTitle "CBM 160 Extra"]
[Source "ChessBase"]
[SourceDate "2014.07.01"]
[SourceVersion "1"]
[SourceVersionDate "2014.07.01"]
[SourceQuality "1"]

1. d4 Nf6 2. c4 c5 3. d5 d6 4. Nc3 e6 5. e4 exd5 6. cxd5 g6 7. Nge2 Bg7 8. Ng3 0-0 9. Be2 Re8 10. 0-0 a6 11. a4 b6 12. Bg5 Qc7 13. f4 h6 14. Bxf6 Bxf6 15. e5 dxe5 16. d6 Qd8 17. fxe5 Rxe5 18. Nd5 Bg5 19. Nc7 Ra7 20. Qb3 Rxc7 21. dxc7 Qxc7 22. Bc4 Be6 23. Bxe6 Rxe6 24. Rae1 Rxe1 25. Rxe1 Be7 26. Ne4 c4 27. Qf3 Nc6 28. Nf6+ Bxf6 29. Qxf6 Qd7 30. Qf4 b5 31. Qxh6 Nd4 32. Qe3 Ne6 33. axb5 axb5 34. h3 b4 35. Rc1 Qd5 36. Kh1 Kg7 37. Re1 Kg8 38. Qa7 c3 39. Qb8+ Kg7 40. Qxb4 cxb2 41. Qxb2+ Qd4 42. Qxd4+ Nxd4 43. Kh2 Ne6 44. Kg3 Kf6 45. Kf3 Nd4+ 46. Ke4 Ne6 47. Rf1+ Kg7 48. Ke5 Ng5 49. Rf6 Nh7 50. Ra6 Nf8 51. Rd6 Nh7 52. Rd1 Nf8 53. Kd6 Ne6 54. Rf1 Kf8 55. h4 Nd4 56. g4 Kg7 57. Ke7 f5 58. Rf4 Ne2 59. Rf2 Nd4 60. g5 Nc6+ 61. Kd6 Nd8 62. Kd7 Nb7 63. Rc2 Kf7 64. Kc7 Na5 65. Rc3 Ke6 66. Kb6 f4 67. Kxa5 Kf5 68. Rc6 Kg4 69. Rxg6 Kxh4 70. Rg8 1-0

[Event "ROM-ch sf"]
[Site "Sovata"]
[Date "2001.03.17"]
[Round "10"]
[White "Marcu, Iulian"]
[Black "Mateica, Mircea"]
[Result "1/2-1/2"]
[WhiteElo "2065"]
[BlackElo "2189"]
[PlyCount "24"]
[EventDate "2001.03.10"]
[EventType "swiss"]
[EventRounds "11"]
[EventCountry "ROU"]
[SourceTitle "EXT 2008"]
[Source "ChessBase"]
[SourceDate "2007.11.25"]
[SourceVersion "1"]
[SourceVersionDate "2007.11.25"]
[SourceQuality "1"]

1. Nf3 c5 2. e4 e6 3. d4 cxd4 4. Nxd4 Nf6 5. Nc3 Bb4 6. Bd3 e5 7. Nde2 d5 8. exd5 Nxd5 9. Bd2 Nc6 10. a3 Nxc3 11. Nxc3 Be7 12. 0-0 Be6 1/2-1/2

[Event "ROM-ch sf"]
[Site "Sovata"]
[Date "2001.03.16"]
[Round "9"]
[White "Puskas, Janos"]
[Black "Marcu, Iulian"]
[Result "0-1"]
[WhiteElo "2110"]
[BlackElo "2065"]
[PlyCount "94"]
[EventDate "2001.03.10"]
[EventType "swiss"]
[EventRounds "11"]
[EventCountry "ROU"]
[SourceTitle "EXT 2008"]
[Source "ChessBase"]
[SourceDate "2007.11.25"]
[SourceVersion "1"]
[SourceVersionDate "2007.11.25"]
[SourceQuality "1"]

1. c4 e6 2. g3 f5 3. Bg2 Nf6 4. Nf3 d5 5. 0-0 Bd6 6. d4 c6 7. Qc2 0-0 8. Bf4 Ne4 9. Nbd2 Be7 10. Bxb8 Rxb8 11. Ne5 g5 12. Rad1 Qe8 13. Nb3 Qh5 14. f3 Nf6 15. Nc1 Nd7 16. Ncd3 Bf6 17. e4 Bxe5 18. dxe5 Nb6 19. b3 f4 20. g4 Qf7 21. Nc1 Bd7 22. Rfe1 Rbd8 23. a4 Qe7 24. Qf2 dxc4 25. a5 Nc8 26. bxc4 c5 27. Rd3 Ba4 28. Qa2 Rxd3 29. Nxd3 Bc6 30. Qa3 Rd8 31. Bf1 b6 32. axb6 axb6 33. Qa6 Bb7 34. Qb5 Qd7 35. Nb2 Bc6 36. Qb3 Qd4+ 37. Kg2 Qxe5 38. Nd3 Qd4 39. Nf2 Qg7 40. e5 Rd2 41. Bd3 Qh6 42. Be2 Qg7 43. Bd3 Qa7 44. Rd1 Ba4 45. Qxa4 Rxf2+ 46. Kxf2 Qxa4 47. Rd2 Ne7 0-1

[Event "ROM-ch sf"]
[Site "Sovata"]
[Date "2001.03.13"]
[Round "5"]
[White "Bodnar, Ovidiu"]
[Black "Marcu, Iulian"]
[Result "1-0"]
[WhiteElo "2199"]
[BlackElo "2065"]
[PlyCount "55"]
[EventDate "2001.03.10"]
[EventType "swiss"]
[EventRounds "11"]
[EventCountry "ROU"]
[SourceTitle "EXT 2008"]
[Source "ChessBase"]
[SourceDate "2007.11.25"]
[SourceVersion "1"]
[SourceVersionDate "2007.11.25"]
[SourceQuality "1"]

1. d4 Nf6 2. c4 d6 3. Nf3 g6 4. g3 Bg7 5. Bg2 c6 6. 0-0 0-0 7. Nc3 Nbd7 8. h3 e5 9. e4 exd4 10. Nxd4 Ne5 11. b3 Qc7 12. Be3 a5 13. Rc1 Ned7 14. f4 Re8 15. Bf2 Nc5 16. Re1 Ne6 17. Nf3 Nh5 18. Qd2 Bh6 19. Rcd1 Rd8 20. Na4 Ra6 21. Bf1 c5 22. Nc3 Nf6 23. Qd3 Bxf4 24. gxf4 Nxf4 25. Qe3 Nxh3+ 26. Bxh3 Bxh3 27. Bh4 Ng4 28. Qf4 1-0

[Event "ROM-ch sf"]
[Site "Baile Tusnad"]
[Date "2000.??.??"]
[Round "4"]
[White "Marcu, Iulian"]
[Black "Milea, Florian"]
[Result "1-0"]
[WhiteElo "2082"]
[BlackElo "2015"]
[PlyCount "101"]
[EventDate "2000.05.??"]
[EventType "swiss"]
[EventRounds "11"]
[EventCountry "ROU"]
[SourceTitle "EXT 2001"]
[Source "ChessBase"]
[SourceDate "2000.11.22"]
[SourceVersion "1"]
[SourceVersionDate "2000.11.22"]
[SourceQuality "1"]

1. d4 d5 2. c4 c6 3. Nc3 e5 4. cxd5 cxd5 5. dxe5 d4 6. Qa4+ Nc6 7. Ne4 Qd5 8. Nd6+ Bxd6 9. exd6 Qxd6 10. Bd2 Nf6 11. Qa3 Qxa3 12. bxa3 0-0 13. g3 Ne4 14. Bg2 Re8 15. Nh3 Nxd2 16. Kxd2 Ne5 17. Rhc1 Rb8 18. Rc5 b6 19. Rc7 Be6 20. Rac1 Rec8 21. Rxc8+ Rxc8 22. Rxc8+ Bxc8 23. Nf4 Kf8 24. h3 Ba6 25. a4 g5 26. Nd5 Nc4+ 27. Kc2 Nd6 28. Bf3 f5 29. Nb4 Bc4 30. Nc6 Ne4 31. Bxe4 fxe4 32. Nxd4 Bxa2 33. Nb3 Ke7 34. Kb2 Bxb3 35. Kxb3 Kd6 36. Kc4 Kc6 37. Kd4 b5 38. axb5+ Kxb5 39. Kxe4 Kc4 40. Ke3 h5 41. f4 g4 42. hxg4 hxg4 43. Kd2 Kd4 44. f5 Ke5 45. e4 Kxe4 46. f6 Kf3 47. f7 Kxg3 48. f8Q Kh2 49. Qf2+ Kh3 50. Qg1 a5 51. Ke3 1-0

[Event "ROM-ch sf"]
[Site "Baile Tusnad"]
[Date "2000.??.??"]
[Round "3"]
[White "Tudor, Alin Ciprian"]
[Black "Marcu, Iulian"]
[Result "1-0"]
[WhiteElo "2087"]
[BlackElo "2082"]
[PlyCount "61"]
[EventDate "2000.05.??"]
[EventType "swiss"]
[EventRounds "11"]
[EventCountry "ROU"]
[SourceTitle "EXT 2001"]
[Source "ChessBase"]
[SourceDate "2000.11.22"]
[SourceVersion "1"]
[SourceVersionDate "2000.11.22"]
[SourceQuality "1"]

1. d4 g6 2. c4 Bg7 3. Nc3 d6 4. e4 Nd7 5. Nf3 e5 6. g3 Ne7 7. Bg2 0-0 8. 0-0 a6 9. Be3 h6 10. Qd2 Kh7 11. Rad1 Nc6 12. Qc2 exd4 13. Nxd4 Nde5 14. Nxc6 bxc6 15. c5 Qe7 16. h3 Rb8 17. b3 f6 18. f4 Nf7 19. Rfe1 Rd8 20. Ne2 d5 21. Nd4 Qd7 22. f5 g5 23. Ne6 Re8 24. exd5 cxd5 25. Rxd5 Qe7 26. Bd2 Bf8 27. Nxg5+ hxg5 28. Rxe7 Rxe7 29. c6 Re5 30. Bc3 Bxf5 31. Qf2 1-0